Science Quiz

Random Science Quiz

1H-NMR Spectrum Quiz Stats

Quiz not verified by Sporcle

Challenge
Share
Tweet
Embed
Score 0/6 Timer 10:00
0 Plays Today
Compound Type Absorption Range (ppm) % Correct
Aromats7
96.6%
Aldehydes9
87.9%
Alkenes5
84.5%
Substituted Alkenes6
81%
Acetylenes3
62.1%
Allyls1-2.5
24.1%

You're not logged in!

Compare scores with friends on all Sporcle quizzes.
Join for Free
OR
Log In

You Might Also Like...

Show Comments

Extras

Created Feb 1, 2011ReportNominate
Tags:compound, ppm, range, spectrum

Top Quizzes Today


Score Distribution

Your Account Isn't Verified!

In order to create a playlist on Sporcle, you need to verify the email address you used during registration. Go to your Sporcle Settings to finish the process.

Report this User

Report this user for behavior that violates our Community Guidelines.

Details: